| 000 | 00893nas a2200289 4500 | ||
|---|---|---|---|
| 001 | BR7306790 | ||
| 003 | BR-BrBNA | ||
| 005 | 20231205100310.0 | ||
| 007 | ta | ||
| 008 | 230509b bl.|||p| |||| 00| 00por d | ||
| 040 |
_aBR-BrBNA _bpor _cBiblioteca Nacional de Agricultura |
||
| 041 | _a(Pt) | ||
| 072 | _aH20; F00 | ||
| 100 | 1 | _aJesus, L. de | |
| 100 | 1 | _aBeckamn, I. | |
| 100 | 1 | _aMuceneeki, T. | |
| 100 | 1 | _aRibeiro, L.F. | |
| 100 | 1 | _aDias, L.C. | |
| 111 | 1 |
_a9. Reuniao Anual Conjunta de Pesquisa de Trigo _cLondrina, PR (Brazil) _d28 Mar 1977 |
|
| 245 | 1 | _aCaracterizacao das variedades de trigo lancadas no ano de 1977 | |
| 650 | _aTrigo | ||
| 650 | _aVariedade Resistente | ||
| 650 | _aRio Grande do Sul | ||
| 773 | 0 |
_tTrigo e Soja (Brazil) _xISSN 0100-5456 _g(May 1977), (no. 22) p. 10-15 _wBR7306790 |
|
| 909 |
_a202311 _bLúcia _c55 _dLúcia Elande |
||
| 942 |
_2AGRIS _n0 _cANA |
||
| 999 |
_c155229 _d155229 |
||